Study Writing: (Record no. 133977)
[ view plain ]
| 000 -LEADER | |
|---|---|
| fixed length control field | 00502nam a2200181Ia 4500 |
| 008 - FIXED-LENGTH DATA ELEMENTS--GENERAL INFORMATION | |
| fixed length control field | 230312s9999 xx 000 0 und d |
| 041 ## - LANGUAGE CODE | |
| Language code of text/sound track or separate title | eng |
| 082 ## - DEWEY DECIMAL CLASSIFICATION NUMBER | |
| Classification number | 428.0076 |
| Item number | 428.0076 HAM |
| 100 ## - MAIN ENTRY--PERSONAL NAME | |
| Personal name | Hamp-Lyons L. |
| 9 (RLIN) | 174322 |
| 245 ## - TITLE STATEMENT | |
| Title | Study Writing: |
| Remainder of title | A Course In Writing Skills For Academic Purposes |
| 250 ## - EDITION STATEMENT | |
| Edition statement | 2nd Ed. |
| 260 ## - PUBLICATION, DISTRIBUTION, ETC. (IMPRINT) | |
| Date of publication, distribution, etc. | 2008 |
| Name of publisher, distributor, etc. | Cambridge University Press |
| 300 ## - PHYSICAL DESCRIPTION | |
| Extent | 213 |
| 365 ## - TRADE PRICE | |
| Currency code | Rs. |
| Price amount | 210.00 |
| 710 ## - ADDED ENTRY--CORPORATE NAME | |
| Corporate name or jurisdiction name as entry element | Hamp-Lyons L. |
| 9 (RLIN) | 174323 |
| 906 ## - LOCAL DATA ELEMENT F, LDF (RLIN) | |
| b | 157.5 |
No items available.